[Event "Titled Tue 17th Jun Early"]
[Site "chess.com INT"]
[Date "2025.06.17"]
[Round "3"]
[White "Henriquez Villagra, Cristobal"]
[Black "Chan, Kim Yew"]
[Result "0-1"]
[WhiteTitle "GM"]
[BlackTitle "FM"]
[WhiteElo "2597"]
[BlackElo "2304"]
[WhiteFideId "3409350"]
[BlackFideId "5717981"]
[EventDate "2025.06.17"]

1. d4 d5 2. Nf3 e6 3. Bf4 c5 4. e3 Nc6 5. Nc3 a6 6. a3 Nf6 7. h3 b5 8. Ne5 Bb7
9. Qf3 Nxe5 10. Bxe5 Bd6 11. Qg3 Bxe5 12. dxe5 Nh5 13. Qh2 d4 14. O-O-O Qg5 15.
Ne2 dxe3 16. f4 Qh4 17. Rg1 Qf2 18. f5 O-O 19. f6 Rad8 0-1

[Event "Titled Tue 17th Jun Early"]
[Site "chess.com INT"]
[Date "2025.06.17"]
[Round "3"]
[White "Saya, Ethan"]
[Black "Dumanuly, Sultanbeibarys"]
[Result "0-1"]
[WhiteTitle "FM"]
[BlackTitle "FM"]
[WhiteElo "2262"]
[BlackElo "2212"]
[WhiteFideId "26095181"]
[BlackFideId "13731963"]
[EventDate "2025.06.17"]

1. e4 c5 2. Nf3 Nc6 3. Bb5 e5 4. O-O Bd6 5. c3 a6 6. Ba4 b5 7. Bc2 Nf6 8. d4
cxd4 9. cxd4 O-O 10. dxe5 Bxe5 11. Nxe5 Nxe5 12. Nc3 Bb7 13. f4 Neg4 14. e5 Qb6+
15. Kh1 Nf2+ 16. Rxf2 Qxf2 17. Qg1 Qxc2 18. exf6 Rfe8 19. Bd2 Qxd2 20. Rd1 Bxg2+
21. Qxg2 Qxd1+ 22. Nxd1 Re1+ 23. Qg1 Rxg1+ 24. Kxg1 gxf6 25. Kf2 Rc8 26. Nc3 b4
27. Nd5 Rc2+ 28. Ke3 Rxb2 29. Nxf6+ Kg7 30. Nxd7 Rxa2 31. Nc5 b3 32. Kd3 Rxh2
33. Nxb3 Rh3+ 34. Kc4 Rxb3 35. Kxb3 h5 0-1

[Event "Titled Tue 17th Jun Early"]
[Site "chess.com INT"]
[Date "2025.06.17"]
[Round "3"]
[White "Kezin, Roman"]
[Black "Nurgaliyeva, Zarina"]
[Result "0-1"]
[WhiteTitle "IM"]
[BlackTitle "WFM"]
[WhiteElo "2471"]
[BlackElo "2252"]
[WhiteFideId "24124621"]
[BlackFideId "13730096"]
[EventDate "2025.06.17"]

1. d4 Nf6 2. c4 e6 3. Nf3 d5 4. g3 dxc4 5. Bg2 Nc6 6. O-O Rb8 7. Nc3 b5 8. Ne5
Nxe5 9. dxe5 Nd7 10. Qd4 c5 11. Qf4 Qc7 12. a4 bxa4 13. Rd1 Nxe5 14. Bc6+ Qxc6
15. Qxe5 Rb7 16. Bg5 Rd7 17. Rxd7 Bxd7 18. Rd1 f6 19. Qb8+ Qc8 20. Qxc8+ Bxc8
21. Be3 Bd7 22. Ra1 Bd6 23. Ne4 Ke7 24. Nxc5 Rb8 25. Bd4 e5 26. Nxd7 Kxd7 27.
Bc3 a3 28. bxa3 Rb3 29. Bb4 Bxb4 30. axb4 c3 31. Rxa7+ Kd6 32. Ra8 c2 0-1

[Event "Titled Tue 17th Jun Early"]
[Site "chess.com INT"]
[Date "2025.06.17"]
[Round "3"]
[White "Kourkoulos-Arditis, Stamatis"]
[Black "Tsyhanchuk, Stanislav"]
[Result "1-0"]
[WhiteTitle "GM"]
[BlackTitle "IM"]
[WhiteElo "2580"]
[BlackElo "2273"]
[WhiteFideId "4221990"]
[BlackFideId "13505130"]
[EventDate "2025.06.17"]

1. b3 d5 2. Bb2 Bg4 3. f3 Bh5 4. e3 Nd7 5. c4 c6 6. Nc3 e6 7. Nge2 Ngf6 8. Nf4
Bg6 9. Be2 Bd6 10. O-O Bxf4 11. exf4 d4 12. Ne4 Nxe4 13. fxe4 Bxe4 14. d3 Bg6
15. Bxd4 O-O 16. Qc2 c5 17. Bc3 Nb8 18. Qb2 f6 19. d4 cxd4 20. Bxd4 Nc6 21. Bc5 1-0

[Event "Titled Tue 17th Jun Early"]
[Site "chess.com INT"]
[Date "2025.06.17"]
[Round "3"]
[White "Yelisieiev, Yevhenii"]
[Black "Puranik, Abhimanyu"]
[Result "0-1"]
[WhiteTitle "IM"]
[BlackTitle "GM"]
[WhiteElo "2412"]
[BlackElo "2622"]
[WhiteFideId "14139642"]
[BlackFideId "5061245"]
[EventDate "2025.06.17"]

1. d4 Nf6 2. Nf3 b6 3. c4 Bb7 4. e3 g6 5. Nc3 Bg7 6. Be2 O-O 7. O-O d5 8. cxd5
Nxd5 9. Qb3 c5 10. dxc5 Nxc3 11. bxc3 Nd7 12. cxb6 Nc5 13. Qb4 axb6 14. Rd1 Qc7
15. Nd4 Ra4 16. Qb2 Ne4 17. Bd2 Be5 18. h3 Bh2+ 19. Kf1 Nxf2 20. Bf3 Ba6+ 21.
Ne2 Nxd1 22. Rxd1 Bc4 23. a3 Rd8 24. Kf2 h5 25. Rb1 Ra5 26. e4 Rb5 0-1

[Event "Titled Tue 17th Jun Early"]
[Site "chess.com INT"]
[Date "2025.06.17"]
[Round "3"]
[White "Dann, Matthias"]
[Black "Tilak, Sharad S"]
[Result "1-0"]
[WhiteTitle "IM"]
[BlackTitle "IM"]
[WhiteElo "2446"]
[BlackElo "2191"]
[WhiteFideId "24638056"]
[BlackFideId "5000165"]
[EventDate "2025.06.17"]

1. c4 e6 2. d4 d5 3. Nc3 Nf6 4. cxd5 exd5 5. Bg5 Be7 6. e3 c6 7. Bd3 Nbd7 8. h3
Nf8 9. Nf3 Ne6 10. Bxf6 Bxf6 11. O-O O-O 12. b4 a5 13. a3 Re8 14. Qc2 g6 15.
Rfd1 Ng7 16. b5 Bf5 17. bxc6 bxc6 18. Na4 Rc8 19. Rab1 Bxd3 20. Rxd3 Nf5 21. Rc3
Qd6 22. Rb6 Nxd4 23. exd4 1-0

[Event "Titled Tue 17th Jun Early"]
[Site "chess.com INT"]
[Date "2025.06.17"]
[Round "3"]
[White "Mujumdar, Sameer"]
[Black "Mihajlovskij, Sergei"]
[Result "1-0"]
[WhiteElo "2043"]
[BlackElo "2292"]
[WhiteFideId "2029707"]
[BlackFideId "13500805"]
[EventDate "2025.06.17"]

1. d4 Nf6 2. c4 g6 3. Nc3 Bg7 4. e4 d6 5. Nf3 O-O 6. Be2 Na6 7. Be3 Ng4 8. Bg5
h6 9. Bc1 e5 10. O-O exd4 11. Nxd4 Nf6 12. f3 Re8 13. Be3 Nc5 14. Qd2 Kh7 15.
Rad1 a5 16. Rfe1 Ne6 17. Bf1 Nxd4 18. Bxd4 Be6 19. Nd5 Bxd5 20. cxd5 Re7 21. Rc1
Nd7 22. Bxg7 Kxg7 23. Qc3+ Nf6 24. Bb5 g5 25. a4 Kg6 26. Qc2 Kg7 27. Qc3 Kg6 28.
Bd3 Kg7 29. Rf1 Qe8 30. f4 gxf4 31. Rxf4 Re5 32. Rcf1 Nh5 33. Rxf7+ 1-0

[Event "Titled Tue 17th Jun Early"]
[Site "chess.com INT"]
[Date "2025.06.17"]
[Round "3"]
[White "Sakmak, Kutay"]
[Black "Garde, Guillaume"]
[Result "1-0"]
[WhiteTitle "CM"]
[BlackTitle "CM"]
[WhiteElo "2158"]
[BlackElo "2211"]
[WhiteFideId "44581939"]
[BlackFideId "45138273"]
[EventDate "2025.06.17"]

1. e4 c6 2. d4 d5 3. Nc3 dxe4 4. Nxe4 Nf6 5. Ng3 h5 6. h4 Bg4 7. Be2 Bxe2 8.
N1xe2 e6 9. Bg5 Nbd7 10. Nf4 Be7 11. Nfxh5 Nxh5 12. Bxe7 Qxe7 13. Nxh5 g6 14.
Ng3 Rxh4 15. Rxh4 Qxh4 16. Qd2 O-O-O 17. O-O-O e5 18. Qa5 Kb8 19. dxe5 b6 20.
Qc3 Qf4+ 21. Kb1 Qxf2 22. Ne4 Qe2 23. Qd4 Rc8 24. Nc3 Qxe5 25. Qxd7 Rc7 26. Qd8+
Kb7 27. a4 Qf5 28. Qd4 Qg5 29. Ne4 Qxg2 30. Nd6+ Ka6 31. Qc4+ Ka5 32. b4+ Kxa4
33. Qb3# 1-0

[Event "Titled Tue 17th Jun Early"]
[Site "chess.com INT"]
[Date "2025.06.17"]
[Round "3"]
[White "Firouzja, Alireza"]
[Black "Ilinca, Felix-Antonio"]
[Result "1-0"]
[WhiteTitle "GM"]
[BlackTitle "IM"]
[WhiteElo "2766"]
[BlackElo "2431"]
[WhiteFideId "12573981"]
[BlackFideId "54764998"]
[EventDate "2025.06.17"]

1. Nf3 d5 2. g3 Bg4 3. Bg2 Nd7 4. d4 Ngf6 5. h3 Bh5 6. c4 e6 7. O-O c6 8. cxd5
exd5 9. Qb3 Qb6 10. Qe3+ Be7 11. Nh4 Bg6 12. Nc3 Qd8 13. Bf3 O-O 14. Nxg6 hxg6
15. Qd3 Re8 16. Kg2 Qc7 17. h4 Bd6 18. Rh1 Re6 19. h5 gxh5 20. Bxh5 Rae8 21. Bg5
Ne4 22. Nxe4 dxe4 23. Qb3 Nf6 24. Rh4 e3 25. Rah1 Kf8 26. Bg4 Re4 27. Rh8+ Ke7
28. Rxe8+ Kxe8 29. Bf5 Rxd4 30. Qxe3+ Be5 31. f4 c5 32. Qxe5+ Qxe5 33. fxe5 1-0

[Event "Titled Tue 17th Jun Early"]
[Site "chess.com INT"]
[Date "2025.06.17"]
[Round "3"]
[White "Weetik, Vjacheslav"]
[Black "Carlsen, Magnus"]
[Result "0-1"]
[WhiteTitle "FM"]
[BlackTitle "GM"]
[WhiteElo "2423"]
[BlackElo "2837"]
[WhiteFideId "4153472"]
[BlackFideId "1503014"]
[EventDate "2025.06.17"]

1. d4 Nf6 2. c4 g6 3. Nc3 Bg7 4. e4 d6 5. Nf3 O-O 6. Be2 Na6 7. O-O e5 8. Be3
Qe7 9. dxe5 dxe5 10. Nd5 Qd8 11. Qc2 Ng4 12. Bg5 f6 13. Bd2 c6 14. Ne3 Qe7 15.
h3 Nxe3 16. Bxe3 Nb4 17. Qa4 c5 18. Qb5 b6 19. Rad1 Nxa2 20. Qc6 Bb7 21. Qa4 Nb4
22. Rd7 Qe8 23. Qd1 Bxe4 24. Qd6 Rd8 25. Rxd8 Qxd8 26. Qe6+ Kh8 27. Rd1 Bf5 28.
Rxd8 Bxe6 29. Rd6 Re8 30. g4 e4 31. Nd2 f5 32. gxf5 gxf5 33. Bf4 Bxb2 34. Bh5
Rg8+ 35. Kh2 Nd3 36. Bg3 Bc8 37. f3 Rxg3 0-1

[Event "Titled Tue 17th Jun Early"]
[Site "chess.com INT"]
[Date "2025.06.17"]
[Round "3"]
[White "Nazin, Roman"]
[Black "Dubnevych, Maksym"]
[Result "0-1"]
[WhiteTitle "CM"]
[BlackTitle "FM"]
[WhiteElo "2250"]
[BlackElo "2296"]
[WhiteFideId "4137167"]
[BlackFideId "14184001"]
[EventDate "2025.06.17"]

1. d4 Nf6 2. Nf3 e6 3. c4 d5 4. Nc3 c5 5. e3 Nc6 6. a3 a6 7. dxc5 Bxc5 8. b4 Ba7
9. Bb2 O-O 10. cxd5 exd5 11. Be2 Bg4 12. O-O Rc8 13. Rc1 Re8 14. Na4 Ne4 15. Nd4
Nxd4 16. Bxg4 Rxc1 17. Bxc1 Nc6 18. Bb2 Qg5 19. Kh1 Qh4 20. g3 Qg5 21. Kg2 Rd8
22. Bf3 Qe7 23. Qe2 Ne5 24. Rd1 Nc4 25. Rxd5 Nxe3+ 26. fxe3 Rxd5 0-1

[Event "Titled Tue 17th Jun Early"]
[Site "chess.com INT"]
[Date "2025.06.17"]
[Round "3"]
[White "Ratkovic, Miloje"]
[Black "Sabatier, Mathis"]
[Result "1-0"]
[WhiteTitle "GM"]
[BlackTitle "CM"]
[WhiteElo "2489"]
[BlackElo "2235"]
[WhiteFideId "914517"]
[BlackFideId "26029685"]
[EventDate "2025.06.17"]

1. Nf3 d5 2. g3 g6 3. Bg2 Bg7 4. d3 e5 5. O-O Ne7 6. Nbd2 O-O 7. e4 Nbc6 8. Re1
h6 9. exd5 Nxd5 10. Nc4 Bg4 11. h3 Be6 12. Nfxe5 Nxe5 13. Nxe5 Qd6 14. Nc4 Qd7
15. Kh2 Rae8 16. c3 b5 17. Ne5 Qd6 18. d4 c5 19. dxc5 Qxc5 20. Nd3 Qc7 21. Nf4
Nxf4 22. Bxf4 Qc8 23. Qc1 g5 24. Bd6 Rd8 25. Bxf8 Bxf8 26. Rd1 Bd6 27. Qe3 Qc7
28. Rd2 Re8 29. Rad1 Bc5 30. Qf3 Qb6 31. b4 Bf8 32. Qc6 Qb8 33. Bf1 g4 34. Qxb5
Qc8 35. h4 Bg7 36. Qxe8+ Qxe8 37. Rd8 Kf8 38. Rxe8+ Kxe8 39. c4 1-0

[Event "Titled Tue 17th Jun Early"]
[Site "chess.com INT"]
[Date "2025.06.17"]
[Round "3"]
[White "Craciun, Sasha-Matei"]
[Black "Emeliantsev, Anatoliy"]
[Result "0-1"]
[WhiteTitle "FM"]
[BlackTitle "FM"]
[WhiteElo "2320"]
[BlackElo "2359"]
[WhiteFideId "1281186"]
[BlackFideId "4160681"]
[EventDate "2025.06.17"]

1. e4 c5 2. Nf3 Nc6 3. d4 cxd4 4. Nxd4 Nf6 5. Nc3 e5 6. Ndb5 d6 7. Bg5 a6 8. Na3
b5 9. Nd5 Be7 10. Bxf6 Bxf6 11. c3 Bg5 12. Nc2 Rb8 13. Be2 O-O 14. h4 Bh6 15.
Nce3 Be6 16. Ng4 f5 17. Nxh6+ gxh6 18. Qd2 Kh8 19. Qxh6 Bxd5 20. exd5 Ne7 21.
O-O-O b4 22. c4 b3 23. a3 Ng6 24. g4 Nf4 25. Bf1 fxg4 26. Rg1 Rg8 27. Kb1 Rg6 0-1

[Event "Titled Tue 17th Jun Early"]
[Site "chess.com INT"]
[Date "2025.06.17"]
[Round "3"]
[White "Azizoglu, Ferzan"]
[Black "Shangin, Lev"]
[Result "1-0"]
[WhiteElo "2055"]
[BlackElo "2169"]
[WhiteFideId "6302726"]
[BlackFideId "55681085"]
[EventDate "2025.06.17"]

1. e4 c5 2. Nf3 e6 3. c3 d5 4. exd5 Qxd5 5. d4 Nf6 6. Na3 Nc6 7. Be2 cxd4 8. Nb5
Qd8 9. Nfxd4 Nxd4 10. Qxd4 Qxd4 11. Nxd4 Bc5 12. Nb3 Bb6 13. Bf3 Ke7 14. O-O Nd7
15. Bf4 e5 16. Be3 Bxe3 17. fxe3 f6 18. Rfd1 Rb8 19. Na5 Nc5 20. Rd2 Bf5 21.
Rad1 e4 22. Be2 Rhd8 23. Rd5 Rxd5 24. Rxd5 Bd7 25. Rxc5 b6 26. Rc7 bxa5 27. Bg4
Rd8 28. Rxa7 Kd6 29. Rxd7+ Rxd7 30. Bxd7 Kxd7 31. b4 axb4 32. cxb4 Kc6 33. a4
Kb6 34. Kf2 g5 35. g4 h6 36. Ke2 Kc6 37. Kd2 Kd5 38. a5 Kc6 39. Kc3 Kb5 40. Kd4
f5 41. gxf5 h5 42. Kxe4 g4 43. Kf4 1-0

[Event "Titled Tue 17th Jun Early"]
[Site "chess.com INT"]
[Date "2025.06.17"]
[Round "3"]
[White "Platzgummer, Fabian"]
[Black "Golsefidy, Sepehr"]
[Result "1-0"]
[WhiteTitle "IM"]
[WhiteElo "2293"]
[BlackElo "2080"]
[WhiteFideId "1617222"]
[BlackFideId "30973368"]
[EventDate "2025.06.17"]

1. Nf3 Nf6 2. g3 g6 3. Bg2 Bg7 4. O-O O-O 5. c4 b6 6. Nc3 Bb7 7. d4 c5 8. d5 a6
9. a4 d6 10. e4 Nbd7 11. h3 Nh5 12. g4 Nhf6 13. Bf4 Ne8 14. Re1 Ne5 15. Nxe5
dxe5 16. Be3 Nd6 17. b3 f5 18. f3 f4 19. Bf2 g5 20. h4 h6 21. h5 Qd7 22. Bf1 Bc8
23. a5 b5 24. Bxc5 bxc4 25. bxc4 Bb7 26. Bf2 Rac8 27. c5 Ba8 28. Bxa6 Bb7 29. c6
Rxc6 30. dxc6 Qxc6 31. Bxb7 Qxb7 32. Qd5+ Qxd5 33. Nxd5 1-0

[Event "Titled Tue 17th Jun Early"]
[Site "chess.com INT"]
[Date "2025.06.17"]
[Round "3"]
[White "Gandhi, Anish"]
[Black "Safin Safarullakhan"]
[Result "1-0"]
[WhiteTitle "CM"]
[BlackTitle "CM"]
[WhiteElo "2028"]
[BlackElo "2028"]
[WhiteFideId "5061032"]
[BlackFideId "33379475"]
[EventDate "2025.06.17"]

1. d4 Nf6 2. c4 e6 3. Nf3 b6 4. g3 Bb7 5. Bg2 Bb4+ 6. Bd2 Be7 7. Nc3 O-O 8. O-O
d5 9. Ne5 Nbd7 10. cxd5 exd5 11. f4 c5 12. e3 Ne4 13. Nxe4 dxe4 14. Bc3 Nxe5 15.
dxe5 Qc7 16. Qc2 Ba6 17. Bxe4 Bxf1 18. Rxf1 Rad8 19. Bxh7+ Kh8 20. Qf5 Qc6 21.
e6 Qxe6 22. Qh5 Qxe3+ 23. Kg2 Rd2+ 24. Kh1 Bg5 25. Bg6+ Bh6 26. Qxh6+ 1-0

[Event "Titled Tue 17th Jun Early"]
[Site "chess.com INT"]
[Date "2025.06.17"]
[Round "3"]
[White "Chen, Ryo"]
[Black "Mata Gonzalez, Jose Fernando"]
[Result "1-0"]
[WhiteTitle "IM"]
[BlackTitle "CM"]
[WhiteElo "2395"]
[BlackElo "2164"]
[WhiteFideId "7003072"]
[BlackFideId "5107423"]
[EventDate "2025.06.17"]

1. e4 c5 2. Nf3 Nc6 3. d4 cxd4 4. Nxd4 e5 5. Nb5 d6 6. N1c3 a6 7. Na3 f5 8. exf5
Bxf5 9. Nc4 Nf6 10. Bg5 b5 11. Bxf6 gxf6 12. Ne3 Be6 13. Bd3 d5 14. Ncxd5 Bxd5
15. Nxd5 Nd4 16. Qh5+ Kd7 17. Qf7+ Be7 18. Nxf6+ Kc7 19. Nd5+ Kd6 20. Nxe7 Qxe7
21. Qxe7+ Kxe7 22. c3 Ne6 23. O-O-O Rab8 24. Bc2 b4 25. Rhe1 Kf6 26. Rd6 Rhd8
27. Rxa6 bxc3 28. bxc3 Rbc8 29. Bb3 Re8 30. Re3 Kf5 31. Bxe6+ Rxe6 32. Rf3+ 1-0

[Event "Titled Tue 17th Jun Early"]
[Site "chess.com INT"]
[Date "2025.06.17"]
[Round "3"]
[White "Panin, Mikhail"]
[Black "Herman, Daniel"]
[Result "1-0"]
[WhiteTitle "CM"]
[WhiteElo "2255"]
[BlackElo "1920"]
[WhiteFideId "34164992"]
[BlackFideId "30935008"]
[EventDate "2025.06.17"]

1. Nf3 Nf6 2. b3 b5 3. g3 Bb7 4. Bg2 e6 5. Bb2 Be7 6. d3 d5 7. O-O O-O 8. c4
bxc4 9. bxc4 dxc4 10. dxc4 Na6 11. Nbd2 Nc5 12. Qc2 Rb8 13. Rab1 Bc6 14. Bd4
Rxb1 15. Rxb1 Qa8 16. Nb3 Be4 17. Qc1 Bxb1 18. Qxb1 Nxb3 19. Qxb3 Qe4 20. e3 c5
21. Ne5 Qf5 22. Nc6 Bd6 23. Bc3 Ne4 24. Be1 Ng5 25. f4 Nh3+ 26. Kf1 g5 27. e4
Qg4 28. Bf3 1-0

[Event "Titled Tue 17th Jun Early"]
[Site "chess.com INT"]
[Date "2025.06.17"]
[Round "3"]
[White "Jimenez Carrazoni, Marta Elena"]
[Black "Petersen, Marcel"]
[Result "0-1"]
[WhiteTitle "WCM"]
[BlackTitle "CM"]
[WhiteElo "1968"]
[BlackElo "2236"]
[WhiteFideId "54765102"]
[BlackFideId "12935670"]
[EventDate "2025.06.17"]

1. e4 e5 2. Nf3 Nc6 3. Bb5 a6 4. Ba4 g6 5. O-O b5 6. Bb3 Bg7 7. c3 Nge7 8. d4
exd4 9. cxd4 O-O 10. Nc3 d6 11. a4 b4 12. Nd5 Bg4 13. Be3 Bxf3 14. gxf3 Na5 15.
Nxe7+ Qxe7 16. Bc2 f5 17. exf5 gxf5 18. Bf4 Qh4 19. Qd2 Rab8 20. Rad1 Nc4 21.
Bb3 d5 22. Qc1 Rb6 23. Bxc4 dxc4 24. Qxc4+ Kh8 25. Be5 Bxe5 26. a5 Qxh2# 0-1

[Event "Titled Tue 17th Jun Early"]
[Site "chess.com INT"]
[Date "2025.06.17"]
[Round "3"]
[White "Lazaro Azcutia, Miguel"]
[Black "Begunov, Konstantin"]
[Result "0-1"]
[WhiteTitle "CM"]
[BlackTitle "FM"]
[WhiteElo "2275"]
[BlackElo "2325"]
[WhiteFideId "54538254"]
[BlackFideId "4118510"]
[EventDate "2025.06.17"]

1. e4 g6 2. d4 Bg7 3. Nf3 c6 4. Nc3 d5 5. h3 dxe4 6. Nxe4 Nd7 7. Bd3 Ngf6 8. Ng3
O-O 9. O-O c5 10. c3 cxd4 11. cxd4 b6 12. Qe2 Bb7 13. Bg5 h6 14. Bd2 Nd5 15.
Rfe1 e6 16. Ne5 Rc8 17. Rad1 Qh4 18. Nxd7 Bxd4 19. Nxf8 Qxg3 20. Nxe6 Nc3 21.
Qg4 Bxf2+ 22. Kh1 Bxg2# 0-1

[Event "Titled Tue 17th Jun Early"]
[Site "chess.com INT"]
[Date "2025.06.17"]
[Round "3"]
[White "Dominguez Exposito, Ibon"]
[Black "Uzuner, Tufan Can"]
[Result "1-0"]
[WhiteTitle "CM"]
[BlackTitle "CM"]
[WhiteElo "2201"]
[BlackElo "1909"]
[WhiteFideId "54589452"]
[BlackFideId "6300499"]
[EventDate "2025.06.17"]

1. e4 c6 2. Nc3 d5 3. Nf3 Bg4 4. h3 Bxf3 5. Qxf3 e6 6. b3 Nd7 7. Bb2 Ngf6 8.
O-O-O Bb4 9. exd5 cxd5 10. g4 O-O 11. h4 Qa5 12. Kb1 Rfc8 13. g5 Ne8 14. h5 Nd6
15. g6 h6 16. gxf7+ Nxf7 17. Rg1 Nde5 18. Qg3 Bf8 19. f4 Nc6 20. Qg6 d4 21. Bd3
Nh8 22. Qxe6+ Nf7 23. Nd5 Re8 24. Nf6+ Kh8 25. Nxe8 Nb4 26. a3 Nxd3 27. Qxf7
Nxb2 28. Qxf8+ Kh7 29. Qxg7# 1-0

[Event "Titled Tue 17th Jun Early"]
[Site "chess.com INT"]
[Date "2025.06.17"]
[Round "3"]
[White "Weerasekara, Dishal Nimsara"]
[Black "Voege, Tobias"]
[Result "0-1"]
[WhiteTitle "FM"]
[BlackTitle "FM"]
[WhiteElo "2125"]
[BlackElo "2256"]
[WhiteFideId "9997431"]
[BlackFideId "1270513"]
[EventDate "2025.06.17"]

1. c4 e6 2. Nf3 Nf6 3. g3 b6 4. Bg2 Bb7 5. O-O Be7 6. d4 O-O 7. d5 exd5 8. Nh4
c6 9. cxd5 Nxd5 10. Nf5 Nc7 11. e4 d5 12. Qg4 Bf6 13. exd5 cxd5 14. Rd1 Nd7 15.
Nc3 Ne5 16. Qa4 g6 17. Ne3 Bc6 18. Qb4 d4 19. Rxd4 Qc8 20. Rd1 Bxg2 21. Nxg2
Nf3+ 22. Kh1 Qh3 0-1

[Event "Titled Tue 17th Jun Early"]
[Site "chess.com INT"]
[Date "2025.06.17"]
[Round "3"]
[White "Zmijanac, Dusko"]
[Black "Aalto, Patrik"]
[Result "1-0"]
[WhiteTitle "FM"]
[BlackTitle "FM"]
[WhiteElo "2007"]
[BlackElo "2316"]
[WhiteFideId "908762"]
[BlackFideId "510726"]
[EventDate "2025.06.17"]

1. d4 Nf6 2. Bg5 c5 3. Nc3 cxd4 4. Qxd4 Nc6 5. Qh4 e6 6. e4 Be7 7. f4 d5 8.
O-O-O Qa5 9. e5 Nd7 10. Bxe7 Nxe7 11. Kb1 Nf5 12. Qf2 h5 13. Nf3 a6 14. Bd3 g6
15. h3 Ne7 16. g4 b5 17. Ne2 b4 18. Ned4 Nc5 19. Rhe1 Nxd3 20. Rxd3 Bd7 21. f5
hxg4 22. hxg4 gxf5 23. gxf5 Qb6 24. fxe6 fxe6 25. Ng5 Rf8 26. Qd2 O-O-O 27. Nh7
Rh8 28. Nf6 Kb7 29. Rb3 a5 30. a3 Ka7 31. Nxd7 Rxd7 32. axb4 a4 33. Ra3 Kb7 34.
b5 Ra8 35. Qb4 Nf5 36. Nc6 1-0

[Event "Titled Tue 17th Jun Early"]
[Site "chess.com INT"]
[Date "2025.06.17"]
[Round "3"]
[White "Bacus, Dharim"]
[Black "Atoyan, Alberto"]
[Result "1/2-1/2"]
[WhiteTitle "FM"]
[BlackTitle "CM"]
[WhiteElo "2131"]
[BlackElo "2266"]
[WhiteFideId "5201527"]
[BlackFideId "13314831"]
[EventDate "2025.06.17"]

1. e4 c5 2. Nf3 a6 3. d4 cxd4 4. Nxd4 Nf6 5. Nc3 e5 6. Nf3 Bb4 7. Bc4 O-O 8. O-O
Nc6 9. Nd5 Nxe4 10. Nxb4 Nxb4 11. Qe1 Nxc2 12. Qxe4 Nxa1 13. Bg5 Qc7 14. Rxa1 d6
15. Rc1 Qc6 16. Qxc6 bxc6 17. Be7 Re8 18. Bxd6 e4 19. Ng5 Be6 20. Nxe6 fxe6 21.
Kf1 Kf7 22. Ke2 Red8 23. Bc5 a5 24. a4 Rab8 25. b3 Rd7 26. Rd1 Rxd1 27. Kxd1 Kf6
28. Ke2 e5 29. Ke3 Kf5 30. h3 h5 31. Bf7 Kf6 32. Bc4 Kf5 33. Bd6 Rb7 34. Bc5 Rb8 1/2-1/2

[Event "Titled Tue 17th Jun Early"]
[Site "chess.com INT"]
[Date "2025.06.17"]
[Round "3"]
[White "Andreev, Konstantin"]
[Black "Verbovsky, Michal"]
[Result "1-0"]
[WhiteTitle "FM"]
[BlackTitle "CM"]
[WhiteElo "2208"]
[BlackElo "2172"]
[WhiteFideId "24239305"]
[BlackFideId "14934213"]
[EventDate "2025.06.17"]

1. e4 c5 2. Nf3 Nc6 3. Nc3 g6 4. d4 cxd4 5. Nxd4 Bg7 6. Be3 Nf6 7. Bc4 O-O 8. f3
e6 9. Qd2 d5 10. exd5 exd5 11. Bb3 Nxd4 12. Bxd4 Re8+ 13. Ne2 Qe7 14. Kf2 Bf5
15. c3 Bh6 16. Qxh6 Qxe2+ 17. Kg1 Nh5 18. h4 Qxb2 19. Kh2 Re2 20. Rhg1 Rae8 21.
Bxd5 Be6 22. Be4 Rxg2+ 23. Rxg2 Qxa1 24. Qxh5 Bh3 25. Qh6 1-0

[Event "Titled Tue 17th Jun Early"]
[Site "chess.com INT"]
[Date "2025.06.17"]
[Round "3"]
[White "Sasvatha A"]
[Black "Purushothaman, Thirumalai"]
[Result "0-1"]
[WhiteTitle "WCM"]
[BlackTitle "FM"]
[WhiteElo "1760"]
[BlackElo "2027"]
[WhiteFideId "45010862"]
[BlackFideId "5012791"]
[EventDate "2025.06.17"]

1. d4 d5 2. Nf3 Nf6 3. Bf4 c5 4. e3 Nc6 5. c3 Qb6 6. Qb3 c4 7. Qxb6 axb6 8. Na3
e6 9. Nb5 Ra5 10. a4 Be7 11. Nd6+ Bxd6 12. Bxd6 Ne4 13. Bf4 O-O 14. Nd2 Nxd2 15.
Kxd2 Bd7 16. Be2 Ne7 17. Bd6 Re8 18. Bd1 Nf5 19. Bc7 Ra6 20. g4 Ne7 21. Bd6 Ng6
22. b3 b5 23. Be2 Rea8 24. Bb4 cxb3 25. Rhb1 Rxa4 26. Rxa4 bxa4 27. Kc1 a3 28.
Rxb3 a2 29. Ra3 Rxa3 30. Bxa3 a1=Q+ 0-1

[Event "Titled Tue 17th Jun Early"]
[Site "chess.com INT"]
[Date "2025.06.17"]
[Round "3"]
[White "Moroni, Luca Jr"]
[Black "Raptis, Nick"]
[Result "1-0"]
[WhiteTitle "GM"]
[BlackTitle "FM"]
[WhiteElo "2549"]
[BlackElo "2220"]
[WhiteFideId "865834"]
[BlackFideId "2016850"]
[EventDate "2025.06.17"]

1. d4 Nf6 2. Bf4 g6 3. Nc3 d6 4. e4 Bg7 5. Qd2 c6 6. f3 Qa5 7. O-O-O h5 8. Kb1
Nbd7 9. Bc4 e5 10. dxe5 dxe5 11. Bg5 O-O 12. Nge2 b5 13. Bb3 Nc5 14. Bxf6 Bxf6
15. Nd5 Qd8 16. Nxf6+ Qxf6 17. Qd6 Qxd6 18. Rxd6 Nxb3 19. axb3 Bb7 20. Rhd1 Rfe8
21. Nc1 Kf8 22. Nd3 Rad8 23. Nc5 Rxd6 24. Rxd6 Bc8 25. Rxc6 Be6 26. Nxe6+ Rxe6
27. Rxe6 fxe6 28. b4 Ke7 29. Kc1 Kd6 30. Kd2 a6 31. b3 Kc6 32. Ke3 Kd6 33. c4 g5
34. h4 gxh4 35. Kf2 Ke7 36. Kg1 1-0